000 00362nam a2200145Ia 4500
005 20251222152651.0
008 251222s9999||||xx |||||||||||||| ||spa||
020 _a9788495484826
082 _a809/M23
100 _aMañes, Alejandro
245 0 _aLa Memoria no se Rinde
250 _a1ra.ed.
264 _bCentro de Francisco Tomás y Valiente
942 _cLIB
999 _c28439
_d28439